000
00226 a2200097 4500
001
14844
100
_a
Ryan R
245
_a
A hitch or two in Afghanistan
260
_a
London
_b
Weidenfeld & Nicholson
_c
090
_c
11615
_d
11615
942
_a
NUST-CAE
_c
M
_c
1798
999
_c
249917
_d
249917